[Event "Poikovsky Karpov 11th"]
[Site "Poikovsky"]
[Date "2010.06.13"]
[Round "11"]
[White "Karjakin, Sergey"]
[Black "Sutovsky, Emil"]
[Result "1-0"]
[WhiteElo "2739"]
[BlackElo "2661"]
[Annotator "Erenburg,S"]
[PlyCount "115"]
[EventDate "2010.06.02"]
[EventType "tourn"]
[EventRounds "11"]
[EventCountry "RUS"]
[EventCategory "18"]
[SourceTitle "CBM 137"]
[Source "ChessBase"]
[SourceDate "2010.07.15"]
[SourceVersion "1"]
[SourceVersionDate "2010.07.15"]
[SourceQuality "1"]

1. e4 e6 2. d4 d5 3. Nc3 Bb4 4. e5 Ne7 5. a3 Bxc3+ 6. bxc3 c5 7. Qg4 cxd4 8.
Qxg7 Rg8 9. Qxh7 Qc7 10. Ne2 Nbc6 11. f4 dxc3 12. Nxc3 {[%cal Yc3b5,Yb5d6]
Quite a rare continuation.} (12. Qd3 {is far more popular.}) 12... Nd4 $5 {
First of all, we note that Black does not take the pawn back, which gives
White an opportunity to play with an extra pawn. However, Black's active
pieces and the vulnerable position of White's king may promise Black
sufficient compensation. Apparently, this variation was prepared for the
Topalov-Kamsky match. Last year, the Bulgarian super grandmaster preferred to
avoid a theoretical discussion in this sharp variation, but now we have a
chance to see what exactly Kamsky's team had prepared!} ({Another way to cover
the b5-square is} 12... a6 {, after which there is no obvious way to get an
advantage for White. For example, in event of} 13. Bb2 Bd7 14. O-O-O O-O-O {
[%cal Yc6a5,Ya5c4] , Black seems to be OK, thanks to a strong centre and the
vulnerable position of White's king.} 15. Qd3 (15. Qxf7 $5 Rgf8 16. Qh7 Rxf4
$13) (15. g3 Nf5 16. Qxf7 Ncd4 $44 {[%cal Gd4c2]}) 15... Na5 16. g3 Kb8 (16...
Nc4 17. Qd4) 17. Ne2 Bb5 18. Qc3 Qb6 19. Qd4 Qc7 20. Qc3 Qb6 21. Nd4 Rc8 (21...
Bxf1 22. Rhxf1 Nc4 23. Rd3 $14) 22. Qb4 Nec6 23. Nxc6+ Nxc6 24. Qd2 Na5 (24...
Bxf1 25. Rhxf1 Na5 $44) 25. Bc3 Rxc3 $2 (25... Nc4 $142 $13) 26. Qxc3 Rc8 27.
Qb2 $16 {1-0 Shirov,A (2737)-Dvirnyy,D (2450)/Arvier 2010/CB17_2010 (35)}) ({
The most principled reply,} 12... Nxe5 {, favours White:} 13. Nb5 Qb8 14. Be2
N5g6 $6 (14... a6 15. O-O (15. fxe5 Qxe5) 15... axb5 16. fxe5 Qxe5 17. Qxf7+
Kd8 18. Qf2 $16) (14... Ng4 $142 15. O-O a6 16. Bxg4 Rxg4 17. Nd4 $14) 15. O-O
Bd7 16. Rb1 a6 17. Nd4 Qc7 18. Bd2 O-O-O 19. Rb3 $16 {1-0 Kosintseva,T (2524)
-Hou,Y (2570)/Nalchik 2010/CB18_2010 (53)}) 13. Bb2 (13. Qd3 {allows Black to
activate his second knight:} Nef5) ({The direct} 13. Nb5 {enables Black to win
the pawn back:} Qxc2 $1 14. Qd3 (14. Nd6+ Kd7 15. Qd3 Nec6 $132 {[%cal Yg8g2]})
14... Qxd3 15. Bxd3 Nxb5 16. Bxb5+ Bd7 $15) 13... Bd7 14. O-O-O {White simply
completes his development and attacks Black's knight.} (14. Nxd5 {seems very
dangerous for White. Obviously, without deep analysis, White should not play
this way.} Nxc2+ 15. Kd1 (15. Kd2 $2 Qa5+ 16. Kxc2 exd5 $40 {[%cal Ga8c8,Yd7f5]
}) 15... exd5 $1 {opening the c8-h3 diagonal for the bishop.} 16. Qxc2 Bg4+ 17.
Kc1 Qb6 18. Qa4+ $13) 14... Qb6 $1 {[%cal Ya8c8] Black keeps his knight on an
active position and prepares to put some pressure along the c-file.} 15. Qd3 {
Bringing the queen back to its camp and driving away Black's knight from its
active position.} (15. Nxd5 {is once again too dangerous.} Nb3+ 16. cxb3 exd5
$132 {[%cal Yd7f5]}) ({I believe that the following continuation was
investigated by Kamsky's team as well:} 15. Ne4 $5 Nb3+ $1 16. cxb3 dxe4 17.
Qxe4 Rc8+ 18. Kb1 Qxb3 19. Qd3 Qxd3+ (19... Qa4 20. Qd4 $14) 20. Rxd3 (20. Bxd3
Rxg2 21. h4 Ba4 $132 {[%cal Ya4c2]}) 20... Bc6 21. Rg3 Rxg3 22. hxg3 Kd7 $11 {
[%cal Yc8g8,Ye7f5]} (22... Nf5 23. g4 $14)) 15... Ndf5 (15... Nef5 $2 {is now
refuted by} 16. Nxd5 $1 $18) 16. Nb5 Rc8 $146 {Here comes the improvement! It
makes much more sense to occupy the c-file with the rook rather than castle
long. Black keeps the king in the centre, where it is quite safe, thanks to
his strong centre.} (16... O-O-O $2 {gives White sufficient time to
consolidate his forces.} 17. g3 a6 18. Nd4 Kb8 19. Qb3 $16 {1-0 Nijboer,F 
(2525)-Wirschell,T (2325)/Antwerp 1996/EXT 1997 (27)}) 17. g3 (17. Nd4 {
is now met by} Ba4 $1) (17. Bd4 Qa5 18. Qb3 Kf8 $1 $44 {[%cal Ya7a6]}) 17...
Rc4 $6 {It may be the case, that the former European champion forgot his
analysis... After this inaccuracy, White could have got an advantage.} ({
In my opinion, Black should have preferred} 17... a6 18. Nd4 Ba4 19. Rd2 Rc4
20. Nxf5 Nxf5 21. Qf3 Rc6 $44 {[%cal Yf5e3] All Black's pieces take part in
the game, which is impossible to say about their counterparts. The position is
very sharp and only careful analysis and further games will clarify the
situation as to whether Black's compensation is sufficient.} (21... Ne3 {
is nice, but less convinving, in view of} 22. Bxc4 Nxc4 23. Qc3 $14)) 18. Nd6+
$2 {Missing a wonderful opportunity to obtain a clear advantage after} (18. Nd4
$1 Ba4 19. Qd2 $1 {It seems that Karjakin might have missed this move in his
calculations.} Rc8 (19... Nxd4 20. Bxd4 Rxc2+ 21. Qxc2 Bxc2 22. Bxb6 Bxd1 23.
Bb5+ $18) 20. Bd3 a5 (20... Nxd4 21. Bxd4 Qb3 22. Bb2 {[%cal Yc1b1]} Bb5 (22...
Qa2 23. Qa5) 23. Qb4 $14) 21. Qf2 $16 {[%cal Yd1d2]}) 18... Nxd6 19. exd6 Nf5
$15 {[%csl Rc1,Rc2][%cal Gd7a4,Ye8d7,Yg8c8,Gc8c2] The position obtained is
quite irrational.Neither king is safe, Black has a strong centre, but White
has the pair of bishops. It seems to me, that it is easier to play such a
position with the black pieces, since he has a clear plan of attack on the
queenside....} 20. Kb1 $6 {This natural move leads to a very unpleasant
position for White.} ({Apparently, White should have played} 20. Qf3 $5 Nd4 $1
(20... Rc8 21. Bd3 $11) 21. Bxd4 Rxd4 22. Rxd4 Qxd4 {with a seemingly
dangerous position for White. However, Fritz stays cool and claims that after}
23. Be2 {[%cal Yh1d1] White's position is still OK.}) 20... Ba4 21. Rd2 Kd7 $1
{Preparing to bring the other rook to the c-file.} 22. Bh3 Nd4 23. f5 $2 {
White opens up the game, which makes sense, since he's got a pair of bishops
and Black's king is still in the center. But, in this particular position, it
helps Black to build a strong centre, which strengthens the position of
Black's pieces in the centre and makes the monarch feel safer. In any event,
other continuations do not make White's life easier:} (23. c3 $5 Nb3 $1 (23...
Nb5 $2 24. Qh7 $1) (23... Rh8 24. cxd4 Rxh3 25. f5 $13) 24. Re2 Re4 $1 {
[%cal Ya4b5]} 25. c4 Nc5 26. Qf3 dxc4 $17) (23. Qh7 $4 Bxc2+ 24. Rxc2 Rxc2 25.
Qxf7+ Kxd6 $19) 23... e5 24. f6+ Kxd6 25. c3 e4 $17 {[%csl Ra3,Rb1,Rb2,Rc3,Gc4,
Gd4,Yd5,Ye4] A strong centre, extremely active pieces and the vast number of
White's weaknesses promise Black a long-term advantage.} 26. Qe3 Nb5 $2 {
Moving the knight away from the centre was a serious mistake.} (26... Nf3 $1 {
was simpler and much stronger.} 27. Qxb6+ axb6 28. Rf2 Ne5 29. Bf1 Rc5 $17) 27.
Qxb6+ axb6 28. Rc1 d4 $6 {Apparently, that's what Emil had in mind when he
played 26...Nb5. It seems that Black got overoptimistic about his position and
tried to win the game right away, even though his advantage was not decisive
yet. Probably, Black should have improved his position with the simple 28...
Re8.} (28... e3 $5 29. Re2 Re8 30. Bf5 (30. Bf1 $5) 30... d4 31. cxd4 Rxc1+ 32.
Kxc1 Kd5 33. Bd7 (33. h4 Nxd4 34. Bxd4 Kxd4 $17) 33... Nc3 $1 $15) (28... Re8
$5 {[%cal Ye4e3]} 29. Bf1 (29. Re2 Bb3) 29... e3 30. Re2 (30. Rg2 Rc5) 30...
Kc6 $15 {[%cal Yb5d6]}) 29. cxd4 e3 30. Re2 Rxc1+ 31. Kxc1 Re8 32. Re1 (32. Bf5
$6 {would enable him to play} Kd5 {, which leads to the 28...e3!? variation.})
32... Nc7 {Moving the knight back to the centre.} 33. Bf5 Nd5 34. h4 Nxf6 ({
Black does not have sufficient resources to play for a win in this position.
For example, after} 34... Bd7 35. Bxd7 (35. Bd3 Nxf6) 35... Kxd7 36. Kd1 Rg8 (
36... Nxf6 37. Ke2 $14) 37. Rg1 {Black must be careful to maintain equality
with} Rc8 $1 $11 (37... Ke6 $2 38. Ke2 Kf5 39. Kf3 Rg4 40. h5 $16)) 35. d5 $1 {
Opening up the long diagonal for the bishop.} Nh5 $1 {Black can not allow
White's h-pawn to move forward freely.} (35... Nxd5 36. h5 $36) 36. g4 Nf4 37.
h5 Ng2 38. Re2 Nf4 39. Re1 $11 Bd7 $6 {Now it was time to admit that White's
pair of bishops and the passed h-pawn compensate for Black's active pieces and
the passed e-pawn.} (39... Ng2 $11) 40. Bxd7 Nd3+ 41. Kd1 Kxd7 $4 {A blunder.
It seems to me that Black simply missed White's next move.} ({Black still has
a draw after} 41... Nxb2+ 42. Kc2 Kxd7 43. Kxb2 Re4 $1 44. Kc3 Rxg4 45. Rh1 $1
Kd6 46. h6 Rg8 47. h7 Rh8 48. Rh5 (48. Kd4 e2 $11 {[%cal Ye2e1]}) 48... f5 $11)
42. Bg7 $3 Nxe1 43. Kxe1 $18 {Now, White's h-pawn cannot be stopped. The worst
of all for Black is that the endgame with doubled b-pawns against White's
bishop and a3-pawn is lost.} Rc8 (43... Kd6 {leads to a lost endgame.} 44. h6
Kxd5 45. h7 Ke4 46. h8=Q Rxh8 47. Bxh8 Kf4 48. Ke2 $18 {Please refer to the
annotations for the 47th move, which explain why this endgame is lost for
Black.}) 44. h6 Rc1+ 45. Ke2 Rh1 46. Kxe3 Ke7 47. Kf4 {White's king is going
to help the h-pawn to get promoted to the queen, while the d-pawn will
distract Black's king.} Rh3 ({Black is lost after} 47... Kd6 {as well:} 48.
Bf8+ (48. Kf5 Rf1+ 49. Kg5 Rh1 50. Bf8+ Ke5 $1 51. d6 Ke6 52. d7 Kxd7 53. Kf6
Ke8) 48... Kxd5 49. Kf5 {[%cal Yf5f6,Yf6f7,Yf6g7]} Rf1+ 50. Kg5 {[%cal Yh6h7,
Yf8h6]} Rh1 51. Kf6 Rf1+ 52. Kg7 Rg1 53. h7 Rxg4+ 54. Kxf7 Rh4 55. Kg6 Rxh7 56.
Kxh7 {Unfortunately for Black, his doubled pawns kill him and this endgame is
lost. It should be noted that if Black had only one b-pawn, White would not be
able to create a zugzwang to force Black push the b-pawn, which would help
White's pawn to move from a3 to b4. Here are approximate variations:} Ke6 57.
Kg6 Kd7 58. Kf7 Kc8 59. Ke6 Kb8 (59... Kc7 60. Bd6+) 60. Kd7 Ka7 61. Kc8 Ka8
62. Bd6 b5 (62... Ka7 63. Bb8+ Ka8 64. a4 $18) 63. Bb8 b6 64. Bf4 ({White
should still be careful, since after} 64. Kc7 $4 b4 65. axb4 b5 $11 {Black
survives!}) 64... Ka7 65. Bd6 Ka8 (65... Ka6 66. Kb8 $18) 66. Bb8 $18 {
Zugzwang.}) (47... Rf1+ 48. Kg5 Rh1 49. Be5 b5 50. Bf4 $18 {[%cal Yd5d6,Yd6d7,
Gg5f6]}) 48. g5 Kd6 49. Kf5 Rh1 (49... Ke7 50. Be5 {[%cal Yd5d6]}) 50. Bf8+ Kd7
51. Kf6 Ke8 52. Bb4 Rh5 53. d6 b5 54. Bc5 Kd7 55. Bb4 Ke8 56. Bd2 Rh2 57. Kg7
f6 58. g6 {A very interesting game, which enabled Sergey to share first place
in the tournament!} 1-0

[Event "Bad Lauterberg Bohemia"]
[Site "Bad Lauterberg"]
[Date "1991.11.13"]
[Round "8"]
[White "Vogt, Lothar"]
[Black "Hertneck, Gerald"]
[Result "1/2-1/2"]
[WhiteElo "2510"]
[BlackElo "2555"]
[Annotator "Ernst,T"]
[PlyCount "39"]
[EventDate "1991.11.05"]
[EventType "tourn"]
[EventRounds "11"]
[EventCountry "GER"]
[EventCategory "10"]
[SourceTitle "CBM 027"]
[Source "ChessBase"]
[SourceDate "1992.04.01"]
[SourceVersion "1"]
[SourceVersionDate "1992.04.01"]
[SourceQuality "1"]

1. e4 e6 2. d4 d5 3. Nc3 Bb4 4. e5 Ne7 5. a3 Bxc3+ 6. bxc3 c5 7. Qg4 O-O 8. Bd3
Nbc6 9. Qh5 Ng6 10. Nf3 Qc7 11. Ng5 (11. O-O c4 12. Be2 f6 13. exf6 Rxf6 14. g3
Bd7 15. Be3 Raf8 16. Bg5 R6f7 17. Rab1 $10 {J.Polgar - Hertneck, BRD 1991.})
11... h6 12. Nxf7 Qxf7 13. Qxg6 Qxg6 $1 {Auf 13.-Dxf2+? folgt 14.Kd1! und
Weiss steht besser.} 14. Bxg6 cxd4 15. cxd4 Nxd4 16. Bd3 Bd7 17. Bb2 Nf5 18. g3
a6 19. Kd2 Bb5 20. Bxf5 1/2-1/2

[Event "Gausdal MI 9394"]
[Site "Gausdal"]
[Date "1993.??.??"]
[Round "9"]
[White "Ernst, Thomas"]
[Black "Djurhuus, Rune"]
[Result "1-0"]
[WhiteElo "2480"]
[BlackElo "2460"]
[Annotator "Ernst,T"]
[PlyCount "83"]
[EventDate "1993.12.??"]
[EventType "tourn"]
[EventRounds "9"]
[EventCountry "NOR"]
[EventCategory "9"]
[SourceTitle "CBM 040"]
[Source "ChessBase"]
[SourceDate "1994.06.01"]
[SourceVersion "1"]
[SourceVersionDate "1994.06.01"]
[SourceQuality "1"]

1. e4 e6 2. d4 d5 3. Nc3 Bb4 4. e5 c5 5. a3 Bxc3+ 6. bxc3 Qc7 7. Qg4 f5 8. Qg3
cxd4 9. cxd4 Ne7 10. Bd2 O-O 11. Bd3 b6 12. h4 $5 (12. Ne2 Ba6 13. Nf4 Qd7 14.
Bb4 (14. Nh5 Ng6 15. Bxa6 Nxa6 16. h4 Rac8 $6 17. Nf6+ $1 gxf6 18. h5 Qg7 19.
hxg6 Qxg6 20. Qd3 Rc4 21. exf6 Qxf6 22. c3 $13 {Minasjan,A-Borovikov,V/URS-chT
Podolsk/1990/}) 14... Rf7 15. h4 Bxd3 16. Qxd3 $13 {Hort,V-Petrosian,T/
Kapfenberg/1970/}) 12... Ba6 13. Ne2 (13. h5 $2 Bxd3 14. cxd3 Nbc6 15. Ne2 f4
16. Qg4 Nxd4 $1 $17) 13... Nec6 $6 (13... Bxd3 14. cxd3 Nbc6 15. Rc1 Qd7 $10)
14. Rc1 $1 Qe7 15. Bxa6 (15. h5 Qxa3 $13) 15... Nxa6 16. h5 Rac8 17. h6 g6 18.
Nf4 Kf7 $5 (18... Nxd4 $2 19. Nxg6 hxg6 20. Qxg6+ Kh8 21. Bg5 $18) (18... Kh8
$1 19. c3 Nc7 (19... Na5 $2 20. Qxg6 $1 hxg6 21. Nxg6+ Kh7 22. Nxe7 $16) 20. a4
Rf7 $10) 19. Nxg6 $1 hxg6 20. h7 Rh8 21. Bg5 (21. Rh6 Kf8 $1 (21... Nxd4 $2 22.
Qxg6+ Kf8 23. Qh5 Qg7 24. Rf6+ Ke7 25. Bg5 $18) 22. Qxg6 Rc7 23. Qh5 Rxh7 24.
Rxh7 Qxh7 25. Bh6+ Ke7 26. Bg5+ Kf8 27. Bh6+ $10) 21... Qf8 $1 (21... Qc7 $2
22. Bf6 Nxd4 23. Rh6 $18) 22. Qd3 Nc7 $2 $16 (22... Nc5 $1 23. dxc5 Nxe5 24.
Qd4 Qg7 25. Qa4 Nc6 (25... Rc7 26. cxb6 axb6 27. Bf4 Re7 28. Bg5 $10) 26. cxb6
Qe5+ (26... Qc3+ 27. Kf1 axb6 28. Qa6 Qc4+ 29. Qxc4 dxc4 30. Rb1 Rb8 31. Rd1
Rb7 32. Rd6 $14) 27. Kf1 axb6 28. Qa6 Qc7 29. Rb1 Rb8 30. Rh3 Na5 $1 $13) 23.
Bf6 Na5 (23... Ne7 $1 24. Qg3 Ne8 25. Bxh8 $1 (25. Qg5 $2 Nxf6 26. exf6 Ng8 $1
{Henrik Danielsson's Zug.} (26... Nc6 $2 27. Rh6 $16) 27. hxg8=Q+ Qxg8 28. Kd2
Qd8 $1 29. Rxh8 Qxh8 $19) 25... Qxh8 26. Rh6 Nc7 $1 (26... Ng7 27. Qg5 Nh5 28.
Kd2 Qg7 29. Rh1 Rh8 30. R1xh5 $1 gxh5 31. Rf6+ $18) 27. Qg5 Ke8 28. c4 $1 (28.
Kd2 $2 Nb5 29. Qf6 Kd7 30. c4 $4 Nxd4 31. cxd5 Nb3+ $19) 28... Kd7 29. cxd5
Ncxd5 30. Rxc8 Kxc8 31. Kf1 (31. Qc1+ Kb7 32. Qc4 Nc6 33. Kf1 $16 {/\ Kg1, 35.
Rg6 Qh7 36.Re6}) 31... f4 $5 (31... Kd7 32. Kg1 Nc3 $2 33. Rxg6 $1 Ne2+ (33...
Nxg6 34. Qxg6 $18) 34. Kf1 Nxd4 35. Rg7 Ndc6 36. Qf6 $18) 32. Kg1 Kd7 33. Rh3
Ke8 34. Qg4 $16) (23... Ne8 $6 24. Bxh8 Qxh8 25. c4 dxc4 26. Rxc4 $18) 24. Qg3
Nc4 (24... Nb5 25. Qg5 Nxd4 26. Rh6 Ke8 27. Rxg6 $3 Rxh7 28. Rg8 Rcc7 $5 {
Tisdall} (28... Rh1+ 29. Kd2 Nc4+ 30. Kd3 $18) 29. f3 $1 Rh1+ (29... Nab3 30.
Qg6+ Rcf7 31. cxb3 Rh1+ 32. Kf2 Rxc1 33. Rxf8+ Kxf8 34. Qh6+ $18) (29... Nc4
30. Kf2 Nxa3 31. Qg6+ Rcf7 32. Bg5 $1 Nc4 33. Re1 $18) 30. Kf2 Rxc1 31. Qh5+ $1
Kd7 (31... Rf7 32. Rxf8+ Kxf8 33. Qh8# $18) 32. Rxf8 R7xc2+ 33. Ke3 $1 {
The only winning move!} (33. Kg3 $4 Ne2+ 34. Kh2 Rh1+ $3 $19) 33... Re1+ (33...
Nc4+ 34. Kf4 Ne2+ 35. Kg5 Kc6 36. Qe8+ Kc5 37. Qxe6 $18) (33... f4+ 34. Kxf4
Ne2+ 35. Kg5) (33... Re2+ 34. Kxd4 Rd1+ (34... Nb3+ 35. Kd3 Rd2+ 36. Ke3 Rc3+
37. Kf4 Rd4+ 38. Kg5 $18) 35. Kc3 d4+ 36. Kb4 Nc6+ 37. Kb5 $18) (33... Rc3+ 34.
Kf4 Ne2+ 35. Kg5 $18) 34. Kxd4 Nb3+ 35. Kd3 Rd2+ 36. Kc3 Re3+ 37. Kb4 Rd4+ 38.
Kb5 $18) 25. Qg5 Ke8 26. Bxh8 Qxh8 27. Rh6 $1 Kd7 28. Rxg6 Kc6 29. Rg8 $18 (29.
Rg7 Ne8 30. Rf7 Nc7 31. Qg6 $16) 29... Qxh7 30. Rxc8 Nxa3 31. Ke2 a5 (31... Kb7
32. Qd8 Nab5 33. Rb8+ Kc6 34. c4 $1 Nxd4+ 35. Kd2 Qh6+ 36. Kd3 $18) 32. Qd8
Nab5 (32... Qh5+ 33. f3 Nab5 34. c4 Nxd4+ 35. Kd3 $18) 33. Qe8+ Qd7 (33... Kb7
34. Rb8+ Ka7 35. Qc8 Nxd4+ 36. Kd2 Qh6+ 37. Kd3 $18) 34. Qxd7+ Kxd7 35. Rxc7+
Kxc7 36. Kd3 Na3 37. Rh1 Nc4 38. Rh7+ Kd8 39. Kc3 b5 40. Rb7 b4+ 41. Kb3 Ke8
42. Ka4 1-0

[Event "EU-chT (Men) 11th"]
[Site "Pula"]
[Date "1997.05.??"]
[Round "2.2"]
[White "Almasi, Zoltan"]
[Black "Lputian, Smbat G"]
[Result "1-0"]
[WhiteElo "2595"]
[BlackElo "2615"]
[Annotator "Finkel,A"]
[PlyCount "87"]
[EventDate "1997.05.05"]
[EventType "team-swiss"]
[EventRounds "9"]
[EventCountry "CRO"]
[SourceTitle "CBM 057 Extra"]
[Source "ChessBase"]
[SourceDate "1997.05.01"]
[SourceVersion "1"]
[SourceVersionDate "1997.05.01"]
[SourceQuality "1"]
[WhiteTeam "Hungary"]
[BlackTeam "Armenia"]
[WhiteTeamCountry "HUN"]
[BlackTeamCountry "ARM"]

1. e4 e6 2. d4 d5 3. Nc3 Bb4 4. e5 c5 5. a3 Ba5 6. b4 cxd4 7. Nb5 Bc7 8. f4 Nh6
{Preventing Qg4} 9. Nf3 Bd7 (9... Nc6 10. Bd3 Bd7 11. O-O a6 12. Nxc7+ Qxc7 13.
Kh1 Rc8 $10 {Van der Wiel-Hort/Amsterdam/1988/CBM9}) 10. Nxc7+ (10. Nfxd4 $5)
10... Qxc7 11. Bd3 (11. Bb2 a5 $1 (11... a6 $5 12. Bd3 Nc6 13. Nxd4 Qb6 14. c3
Rc8 15. g4 Nxd4 16. cxd4 Bb5 $13 {Frick,R-Hug,W/Bern zt 1990/1/2-1/2 (76)}) 12.
Bd3 axb4 13. axb4 Rxa1 14. Qxa1 O-O 15. Bxd4 (15. Ng5 $6 Nf5 16. g4 Ne3 17.
Bxh7+ Kh8 18. Bxd4 Nxc2+ 19. Bxc2 Qxc2 $15) 15... Nc6 16. Bc5 Rc8 17. O-O b6
18. Bd6 Qd8 $11 {Smirin,I-Lputian,S/Lvov zt 1990 (40)}) 11... a6 (11... Nf5 12.
Bb2 Nc6 13. Qe2 (13. Qd2 Rc8 14. O-O O-O 15. Bxf5 exf5 16. Bxd4 Nxd4 17. Nxd4
Qc3 $11 {Apicella,M-Lputian,S/Capelle la Grande op 1991 (36)}) 13... Qb6 14.
O-O a6 15. Kh1 h5 16. Qf2 Rh6 17. Bxf5 exf5 18. Nxd4 Nxd4 19. Bxd4 $14 {
Sion Castro Marcelino-Vallejo Pons Francisco/It (cat.9) Leon (Spain) 1996 (28)}
) (11... a5 $5 12. b5 $5 a4 13. O-O Nf5 14. Bxf5 exf5 15. Nxd4 O-O 16. Rb1 $14
{Mokry,K-Kinsman,A/Dieren op 1990 (40)}) (11... Nc6 12. O-O Qb6 13. Qe2 a6 14.
Bd2 Nf5 15. Bxf5 exf5 16. Kh1 h5 17. Qf2 Ne7 18. a4 $14 {1/2-1/2 Novik,
M-Budnikov,A/Berliner Sommer 1994}) (11... Qb6 $5 12. Bb2 Bb5 13. Bxd4 Qa6 14.
a4 $5 Bxd3 15. cxd3 Nc6 16. Bc3 Qb6 17. b5 Ne7 18. Qd2 $14 {Wedberg,T-Kinsman,
A/Rilton Cup op 1992/1-0 (54)}) 12. a4 (12. O-O Bb5 13. Bxb5+ axb5 14. Qd3 $5
Nc6 15. Qxb5 Qd7 16. Qc5 $5 (16. Ng5 f6 17. Nf3 O-O 18. Bb2 fxe5 19. fxe5 Nf5
$11 {Bichsel,W-Hug,W/SUI-chT Winterthur-Zürich 1994 (24)}) 16... Rc8 17. Re1
Nf5 18. Qb6 h5 19. Re2 $14 {Almasi,Z-Hug,W/Altensteig 1994 (28)}) 12... Nf5 (
12... Nc6 13. Qd2 $1 Qb6 14. Ba3 Nf5 (14... O-O 15. O-O Rfc8 16. Ng5 $16) 15.
O-O Ne3 16. Rfb1 Nc4 17. Bxc4 dxc4 18. b5 d3+ 19. Kh1 $16) 13. Qd2 Nc6 14. Bb2
O-O $5 (14... Qb6 15. b5 axb5 16. axb5 Rxa1+ 17. Bxa1 Qa5 $5 (17... Na5 18. g4
Ne7 19. Bxd4 Qd8 (19... Qc7 20. b6) 20. O-O h5 21. h3 hxg4 22. hxg4 Nc4 23. Qb4
$16) 18. bxc6 $2 (18. Ke2 $1 Qxd2+ 19. Kxd2 Na5 20. Nxd4 (20. g4 Ne3 21. Nxd4
Nec4+ 22. Ke2 h5 23. g5 Ke7 24. Bc3 $16) 20... Nxd4 21. Bxd4 Nc4+ 22. Bxc4 dxc4
23. Rb1 O-O 24. Kc3 Rc8 25. Kb4 Kf8 26. Ra1 $16) 18... Qxa1+ 19. Kf2 Qxh1 20.
cxd7+ Kxd7 21. Bxf5 exf5 22. e6+ (22. Qb4 Kc8) (22. Qxd4 Rc8) 22... fxe6 23.
Ne5+ Kc8 24. Qxd4 Rd8 $10 {Atlas,V-Kindermann,S/Ptuj (zt) 1995 (30)}) 15. Bxf5
exf5 16. Bxd4 Nxd4 $5 17. Nxd4 f6 ({Very serious attention deserved} 17... Qc4
$5 {keeping white king in the center.}) 18. Nf3 (18. exf6 $5 Rae8+ 19. Kf2 Rxf6
20. c3 (20. Rhd1 Re4 21. g3 Bxa4 $1 22. Rxa4 Rxd4 23. Qxd4 Qxc2+ 24. Rd2 Qxa4
25. Qxd5+ Rf7 26. Qd8+ Rf8 27. Qd5+ $11) 20... Rf7 21. g3 Rfe7 22. Rhe1 Re4 23.
a5 $13) 18... fxe5 $6 {Still 18...Qc4! was quiet reasonable option.} 19. Nxe5
$14 {Now white can complete development and the difference in strength of
minor pieces determines white's advantage.} d4 $6 20. O-O Rad8 21. Nf3 $1 {
Showing a clear intention to take a pawn on d4.} d3 22. cxd3 $16 Qb6+ 23. Kh1
Bc6 24. Ne5 Bd5 25. Rac1 h6 26. Rc5 $1 {Look how methodically white takes all
the board under controle.Now he doubles major pieces over c-file penetrating
to seventh rank.} Kh7 27. Qc3 Qf6 28. h3 {There is no place to hurry so white
improves the position of all his pieces.} Rfe8 29. Kh2 Re7 30. Rc7 Rxc7 31.
Qxc7 Qf8 32. Qc5 Qe8 33. a5 Be6 {Black is deprived of counterplay so he has to
wait for white's actions.} 34. Qb6 $1 Qe7 35. Rc1 $18 Bd5 36. Rc7 Qd6 37. Qxd6
Rxd6 38. Rd7 $1 {The arising endgame is completely wining for white.He simply
brings the king to the center and black is absolutely defenceless.} Rxd7 39.
Nxd7 Kg8 40. Nb6 Bc6 41. g3 Kf7 42. Kg1 Bb5 43. d4 Ke6 44. d5+ 1-0